000 00422nam a2200181Ia 4500
001 22663
005 20260414150846.0
008 260414t2013||||xx |||||||||||||| ||spa||
041 _aESP
082 _a621.3828
_bV81
100 _aVoetmann, Jan
_eAUT
245 0 _aElectroacústica práctica
_b
260 _c2013
300 _a347 páginas :
_c24 cm.
650 _aTCA
654 _aCET
942 _cLIB
_dJUS
_fJUS
_2ddc
_n
999 _c22663
_d22663